000 00330nam a22001457a 4500
008 210527b ||||| |||| 00| 0 eng d
020 _a1578391121
041 _aeng
080 _a338
082 _a338
100 _a53
101 _aMEN
245 _aUnderstanding and Managing Under APCs
_cJulie Micheletti
942 _2udc
_cBK
999 _c57669
_d57669